000 00623nam a2200229Ia 4500
003 OSt
005 20220928113715.0
006 a|||||r|||| 00| 0
007 ta
008 220927b |||||||| |||| 00| 0 eng d
024 _a25873
037 _cTextual
040 _aSDCL
_cSDCL
_beng
041 _2eng
_aeng
082 _aV1(J):51'N6, K9
100 _aWolf Eric R
_9434604
245 0 _aPeasant wars of the twentieth century.
260 _aNew York
_b Harper and Row Publishers
_c1969
300 _avii,328p
_ccm.
942 _hV1(J):51'N6, K9
_cTEXL
_2CC
999 _c750912
_d750912